000 00726nam a2200205 i 4500
001 176392
003 ES-MaACL
005 20250728100852.0
008 190703s1967 sp l |||| | spa d
100 0 _aThils, Gustave.
_9109967
245 1 4 _aLas religiones no cristianas
_b: problemas y reflexiones /
_cGustave Thils ; [traducción de Josep A. Pombo].
260 _a[Madrid] :
_bPenínsula,
_c1967.
300 _a284 p. ;
_c20 cm.
490 1 _aColección Pensamiento Cristiano ;
_v14
650 0 7 _aCristianismo y otras religiones
_2embne
_911436
700 0 _aPombo, Josep A.
_992907
830 0 _aColección pensamiento cristiano
_v14
_9179624
852 _aES-MaACL
_jP-618-Ter-11
999 _c176392
_d176392